| 000 | 00374nam a2200097Ia 4500 | ||
|---|---|---|---|
| 008 | 180412s9999||||xx |||||||||||||| ||und|| | ||
| 040 | _aAhmadu Bello University Library - Zaria | ||
| 245 | 0 |
_aAbstraction and use of water: a comparison of legal regimes _cUnited Nations. Department of Economic and Social Affairs |
|
| 260 |
_aNew York _bU.N. _c1972 |
||
| 300 | _aiv, 254p. | ||
| 500 | _aBibliography: p. 231-233 | ||
| 999 |
_c6598 _d6598 |
||